000 00594nam a2200229Ia 4500
003 OSt
005 20221007074127.0
006 a|||||r|||| 00| 0
007 ta
008 221006b |||||||| |||| 00| 0 eng d
024 _a29,976
037 _cTextual
040 _aFLL
_cFLL
_beng
041 _2eng
_aeng
082 _aX72:Z2, L0
100 _aAiyar A.N.
245 0 _aIndian tax laws 1970
260 _aMadras
_bCompany Law Institute of India Pvt. Ltd. India
_c1970
300 _ad.p.
_ccm.
942 _hX72:Z2, L0
_cTEXL
_2CC
999 _c1151254
_d1151254